000
00352 a2200169 4500
001
182675
020
_a
85-357-0386-1
040
_c
Magnum
100
_a
Santos, Jorge Fernando Dos
240
1
0
_a
Palmeira seca
_l
por
245
1
0
_a
Palmeira seca
300
_a
112
362
0
_a
2003
440
1
_a
Atual
697
_a
LITERATURA GERAL
942
_c
BK
999
_c
182675
_d
182675